Manažment rozvoja startupu v službách diplomová práca

Guardado en:
Detalles Bibliográficos
Autor principal: Mánik, Richard
Autor Corporativo: Obchodná fakulta EU. Katedra cestovného ruchu
Otros Autores: Mura, Ladislav, 1979-
Formato: Libro
Lenguaje:eslovaco
Publicado: Bratislava 2024
Etiquetas: Agregar Etiqueta
Sin Etiquetas, Sea el primero en etiquetar este registro!

MARC

LEADER 00000nbm a2200000 4500
001 0302263
005 20250821093718.0
041 0 |a slo 
044 |a SK 
245 1 0 |a Manažment rozvoja startupu v službách  |b diplomová práca  |c Richard Mánik ; školiteľ: Ladislav Mura 
264 1 |a Bratislava  |c 2024 
300 |a 92 s. 
100 1 |a Mánik, Richard 
700 1 |a Mura, Ladislav, 1979- 
710 2 |a Obchodná fakulta EU. Katedra cestovného ruchu